Movies Quiz

Random Movies or Board Games Quiz

Movie by Featured Games Quiz Stats

 Plays Quiz Updated Aug 30, 2015

Also try: Movies By Lego
Challenge
Share
Tweet
Score 0/24 Timer 10:00
4 Plays Today
% Correct
Jumanji
95.6%
Paul Blart: Mall Cop
84.9%
Harry Potter and the Sorcerer's Stone
81%
Shaun Of The Dead
70%
Back To The Future Part II
68.4%
Casablanca
66.3%
Terminator 2: Judgment Day
60.7%
The Princess Bride
55.9%
WarGames
50.8%
Blazing Saddles
49.8%
The Shining
49.8%
Superbad
46.5%
% Correct
Dude, Where's My Car?
45.5%
Bill & Ted's Bogus Journey
44.6%
Tommy
40.8%
The Sting
40.7%
ET the Extra-Terrestrial
40.5%
Octopussy
34%
On Golden Pond
31.7%
The Ten Commandments
30.8%
The Exorcist
28.4%
A Beautiful Mind
27.1%
The Seventh Seal
19.5%
Rosemary's Baby
12.9%

You're not logged in!

Compare scores with friends on all Sporcle quizzes.
Join for Free
OR
Log In

You Might Also Like...

Show Comments

Extras

Top Quizzes Today


Score Distribution

Your Account Isn't Verified!

In order to create a playlist on Sporcle, you need to verify the email address you used during registration. Go to your Sporcle Settings to finish the process.

Report this User

Report this user for behavior that violates our Community Guidelines.

Details: